000 00899nam a22002297a 4500
999 _c145708
_d145708
005 20191115164809.0
010 _a1718EN-30 B-731091
020 _a9789332579439
_c699.00
035 _aB-684126-136
037 _bBSB
_adpl
082 _a339.5
100 _aMishkin, Frederic S.
245 _aMacroeconomics :
_cby Frederic S. Mishkin
_bpolicy and practice /
250 _a2nd ed
260 _aNoida
_bPearson
_c2017
270 _a15th Floor, Tower-B, World Trade Tower, Plot No.1, Block-C, Sector-16
_bNoida
_e201301
300 v _avarious pagings
_c23cm(pbk)
500 _aIncludes index
942 _2ddc
_cEN
_mMIS
_h339.5